Homophone Spelling Click Quiz - 8 - Statistics

General Stats
  • This quiz has been taken 214 times
  • The average score is 21 of 25
Answer Stats
Hint Answer % Correct
Hard round object that grows inside an oyster Pearl
91%
Consumed Ate
90%
Cardinal number Eight
90%
In or at that place There
90%
Contraction of 'they are' They're
90%
Small island Islet
89%
Mechanisms for securing a door Locks
89%
Scottish lakes Lochs
88%
Nautical, relating to ships Naval
88%
Covered with paper or other material Wrapped
88%
Flat, round musical instrument made of brass Cymbal
87%
Shape or object used to represent something else Symbol
85%
Coarse or uneven Rough
84%
Third person plural possessive Their
84%
Person appointed to cut portions of a publication or film Censor
81%
Point of former attachment of the umbilical cord Navel
81%
Device that responds to a physical stimulus Sensor
80%
Small hole in a shoe through which a lace is passed Eyelet
79%
Smoked salmon Lox
77%
Knocked sharply, or played rhythmic, rhyming music Rapped
77%
Circle of feathers around the neck of a bird Ruff
76%
Wholly engaged or absorbed Rapt
71%
Different but useful or attractive when combined Complementary
70%
Knitting stitch Purl
69%
Free, without charge Complimentary
67%
No matching quizzes found
Score Distribution
Percent of People with Each Score
Percentile by Number Answered
Your Score History
You have not taken this quiz